Music Quiz

Random Music or Clickable Quiz

Novelty Songs Quiz Stats

 Plays Quiz not verified by Sporcle

Support Sporcle.
Go Orange.
Score 0/28 Timer 07:00
0 Plays Today
% Correct
Ghostbusters
96.8%
The Lion Sleeps Tonight
95.4%
Monster Mash
92.1%
I'm Too Sexy
89.3%
Itsy Bitsy Teenie Weenie Yellow Polkadot Bikini
88.7%
Sukiyaki
83.4%
The Ballad Of The Green Berets
80%
Kung Fu Fighting
79.8%
Don't Worry Be Happy
79.6%
The Chipmunk Song
78.2%
Big Bad John
78.2%
The Battle Of New Orleans
74.1%
Dominique
69.3%
I'm Henry VIII, I Am
65.5%
% Correct
Disco Duck (Part 1)
63.6%
Eve Of Destruction
61.6%
Walk Like An Egyptian
61.4%
Mr. Custer
58.6%
Brand New Key
58.6%
Convoy
56.6%
In The Year 2525
55.6%
The Streak
53.3%
Alley Oop
48.9%
Running Bear
43.6%
Tom Dooley
43%
Ben
37.8%
Ringo
28.9%
Winchester Cathedral
27.9%

You're not logged in!

Compare scores with friends on all Sporcle quizzes.
OR
Log In

From the Vault

Find the Hostess Snacks

by mhershfield

Mmmmm....Packaged sugar in cake form.
Remove Ads.
Support Sporcle.
Get the best of Sporcle when you Go Orange. This ad-free experience offers more features, more stats, and more fun while also helping to support Sporcle. Thank you for becoming a member.

Show Comments

Extras

Top Quizzes Today


Score Distribution

Your Account Isn't Verified!

In order to create a playlist on Sporcle, you need to verify the email address you used during registration. Go to your Sporcle Settings to finish the process.

Report this User

Report this user for behavior that violates our Community Guidelines.

Details: